Numerical Methods for Scientists and Engineers

التفاصيل البيبلوغرافية
المؤلف الرئيسي: Hamming R. W.
اللغة:الإنجليزية
منشور في: New York, Dover Publications, 2013
الطبعة:2-nd ed.
الموضوعات:
التنسيق: كتاب
KOHA link:https://koha.lib.tpu.ru/cgi-bin/koha/opac-detail.pl?biblionumber=340266

MARC

LEADER 00000nam0a2200000 4500
001 340266
005 20231102005224.0
010 |a 9780486652412 
035 |a (RuTPU)RU\TPU\book\367009 
090 |a 340266 
100 |a 20180312d2013 km y0engy50 ba 
101 0 |a eng 
102 |a US 
105 |a a z 001zy 
200 1 |a Numerical Methods for Scientists and Engineers  |f R. W. Hamming 
205 |a 2-nd ed. 
210 |a New York  |c Dover Publications  |d 2013 
215 |a 721 p.  |c il. 
320 |a Bibliography: p. 711-714 
320 |a Index: p. 715-721 
606 1 |a Численный анализ  |2 stltpush  |3 (RuTPU)RU\TPU\subj\18763  |9 44135 
610 1 |a математика 
610 1 |a численные методы 
610 1 |a математические задачи 
610 1 |a формулы 
610 1 |a алгоритмы 
610 1 |a аппроксимация 
610 1 |a вычисления 
610 1 |a приближение Фурье 
610 1 |a английский язык 
675 |a 519.6  |v 4 
700 1 |a Hamming  |b R. W. 
801 1 |a RU  |b 63413507  |c 20180312 
801 2 |a RU  |b 63413507  |c 20180330  |g RCR 
942 |c BK